00888nam a2200217 i 4500001000700000003000900007005001700016007000300033008004100036080002000077100003100097245014000128260004300268300002200311594005900333650004300392650006800435852002200503999001900525952012600544140970ES-MaACL20230906200206.0t|070918s1962 sp |||| | spa d a(038)=111=134.21 aRoberston, Richard.99779610aRoberston methods b: do you want to speak spanish? : a simple practical method of speaking spanish by means of imitated pronunciation. aBarcelona : bRamón Sopena, c[1962] a279 p. ; c16 cm. aAutor tomado del Catálogo de la Biblioteca Nacional. 4aLengua española-vMétodos.9142902 4aLengua española-xConversación y frases-xInglés.9143674 aES-MaACLjC-21075 c140970d140970 00104070aATENEOMbATENEOMcGaleríad2008-01-17eSCl0oC-21075p1146685r2023-02-23 00:00:00w2023-02-23yMONOGRAFIA